|
|
|
|
| LEADER |
00789nam a2200193 i 4500 |
| 003 |
GR-PaULI |
| 005 |
20240725122335.0 |
| 008 |
240725s1959 gr ||||| |||| 00| 0 eng d |
| 040 |
|
|
|a GR-PaULI
|b gre
|c GR-PaULI
|e AACR2
|
| 082 |
0 |
4 |
|2 23
|a 891.823 5
|
| 100 |
1 |
|
|9 205164
|a Vuco, Alexander,
|d 1897-1985
|e συγγραφέας.
|
| 245 |
1 |
4 |
|a The holidays /
|c Alexander Vuco ; translated by Alec Brown.
|
| 260 |
|
|
|a London :
|b Lincolns-Prager,
|c 1959.
|
| 300 |
|
|
|a 338 σ. ;
|c 21 εκ.
|
| 700 |
1 |
|
|9 205165
|a Brown, Alexander
|e μεταφραστής.
|
| 942 |
|
|
|2 ddc
|c BK
|
| 952 |
|
|
|0 0
|1 0
|2 ddc
|4 0
|6 891_823000000000000_5_VUC
|7 0
|9 382431
|a LISP
|b LISP
|c BSC
|d 2024-07-25
|e ΚΟΤ
|i 366642
|l 0
|o 891.823 5 VUC
|p 025000307789
|r 2024-07-25 00:00:00
|t 1
|w 2024-07-25
|y BK
|
| 998 |
|
|
|c ΣΑΤΛΑΝΗΣ
|d 2024-07
|
| 999 |
|
|
|c 222175
|d 222175
|